[Event "EU-Cup 32nd"]
[Site "Novi Sad"]
[Date "2016.11.09"]
[Round "4.6"]
[White "Jessen, Claus Qvist"]
[Black "Vozinaki, Anthi Maria"]
[Result "0-1"]
[WhiteElo "1952"]
[BlackElo "1870"]
[PlyCount "40"]
[EventDate "2016.11.06"]
[EventType "team-swiss"]
[EventRounds "7"]
[EventCountry "SRB"]
[SourceTitle "CBM 176"]
[Source "ChessBase"]
[SourceDate "2017.01.17"]
[SourceVersion "1"]
[SourceVersionDate "2017.01.17"]
[SourceQuality "1"]
[WhiteTeam "Skanderborg Nordea"]
[BlackTeam "Chania Chess Academy"]
[WhiteTeamCountry "DEN"]
[BlackTeamCountry "GRE"]

1. Nf3 c5 2. g3 Nc6 3. Bg2 g6 4. d4 cxd4 5. Nxd4 Bg7 6. Nxc6 bxc6 7. 0-0 Nf6 8. c4 0-0 9. Nc3 Rb8 10. Qc2 c5 11. Re1 d6 12. h3 Be6 13. b3 Qb6 14. Rb1 Rfd8 15. e4 Ne8 16. Nd5 Bxd5 17. exd5 a5 18. Bb2 Bxb2 19. Rxb2 a4 20. Reb1 a3 0-1